000
00313nam a2200121Ia 4500
005
20260328104254.0
008
260328s9999||||xx |||||||||||||| ||und||
100
_a
Triquell, Aitana
245
0
_a
Vivienda Prefabricadas /
_c
Aitana Triquell
260
_b
FKG
650
_a
CASAS PREFABRICADAS -MODELOS
942
_c
BK
999
_c
10370
_d
10370